000 01844nam0a2200373 4500
001 RU\NLR\bibl\285020
005 20260407151656.0
021 _aRU
_b2002-10496
_9521
035 _a(NLR Aleph) 000280454
090 _a1641081
_c1641081
100 _a20020703d2001 |||y0rusy50 ca
101 0 _arus
102 _aRU
105 _aa |||||||||
200 1 _aОптимизация и моделирование в автоматизированных системах
_eМежвуз. сб. науч. тр.
_fМ-во образования Рос. Федерации, Воронеж. гос. техн. ун-т, Воронеж. ин-т высок. технологий
_g[Редкол.: Я.Е. Львович (отв. ред.) и др.]
210 _aВоронеж
_cВГТУ
_d2001
215 _a282 с.
_cил.
_d21
320 _aБиблиогр. в конце ст.
606 0 _aАвтоматизированные системы
_jСборники
_xОптимизация
_92121746
_3RU\NLR\auth\661281127
606 0 _aАвтоматизированные системы
_jСборники
_xМоделирование
_92121748
_3RU\NLR\auth\661281128
610 0 _aАвтоматизированные системы управления технологическими - Математическое моделирование
675 _a621.3:004(082)
_v3
_zrus
686 _a45
_2rugasnti
686 _a39.965
_2rubbk
686 _aЗ986я43
702 1 _aЛьвович
_bЯ. Е.
_gЯков Евсеевич
_4340
712 0 2 _4570
_aВоронежский институт высоких технологий
_3RU\NLR\AUTH\8810029642
_9557861
801 0 _aRU
_bRKP
_c20020703
_gPSBO
801 1 _aRU
_bRKP
_c20020703
801 2 _aRU
_bNLR
_c20020809
_grcr
942 _cBOOK
980 _aNB
980 _aNBR